[Event "RUS-ch sf 58th"]
[Site "Kazan"]
[Date "2005.09.09"]
[Round "7"]
[White "Korotylev, Alexey"]
[Black "Magomedov, Magaram"]
[Result "1-0"]
[WhiteElo "2604"]
[BlackElo "2565"]
[Annotator "Marin,M"]
[PlyCount "141"]
[EventDate "2005.09.03"]
[EventType "swiss"]
[EventRounds "9"]
[EventCountry "RUS"]
[SourceTitle "CBM 109"]
[Source "ChessBase"]
[SourceDate "2005.11.14"]
[SourceVersion "1"]
[SourceVersionDate "2005.11.14"]
[SourceQuality "1"]

1. d4 d5 2. c4 e6 3. Nc3 Nf6 4. Nf3 Nbd7 5. cxd5 exd5 6. Bf4 c6 7. e3 Be7 8. h3
O-O 9. Bd3 Re8 {The lines of the exchange variation where White is allowed to
develop his queen's bishop to f4 are generally considered to be favourable for
him. A clear illustration of it is that White sometimes willingly retreats the
bishop from g5 to f4, reaching this kind of position but with a loss of one
clear tempo.} 10. O-O Nf8 11. Qc2 Nh5 {Not a very popular continuation.
Usually, Black chases the bishop with his other knight, either from g6 or e6.
The text move canbe the start of several different plans, for instance the
concentration of forces around the enemy king's position (sligthly weakened by
the move h3) or exchange the light squared bishops with ...g6, ...Ng7, ...Bf5.}
12. Bh2 {The most common answer.} ({However,} 12. Be5 {looks entirely playable
as well.} g6 13. Rab1 Ng7 {It remains an open question about what is Black's
best reaction to White's intended minority's attack. The current game is a
good illustration of the darksides of a restrained strategy, involving ...a6
as an answer to b4.} ({However, in case of} 13... a5 {White is not forced to
proceed with his queen side plan. He can content himself with the fact that he
provoked a slight weakening of the enemy structure and switch to operations in
the centre with} 14. Rfe1 {, with similar play as in the main game.}) 14. b4 a6
15. Na4 {Same policy as in the previous comment. White doesn't insist with the
minority's attack, reckoning that this would lead to a more pleasant position
for him, but possibly a defensible one for Black. Having provoked the
weakening move ...a6, he re-adapts his strategy accordingly.} (15. a4 Bf5 16.
b5 axb5 17. axb5 Bxd3 18. Qxd3 Ra3 {[%cal Yd8a8,Yg7f5,Yf5d6]}) 15... Bf5 16.
Rfc1 f6 {Generally speaking, this is the kind of weakness White is aiming to
provoke.} ({The eventual drawbacks of placing the bishop on e5 could be
highlighted by} 16... Nd7 {when White has to either exchange his proud bishop
for one of the enemy knights, or allow Black win time to organize his queen
side defence, for instance:} 17. Bh2 Nb6 18. Nc5 Ra7 19. Nd2 {[%csl Yc4]} Bxd3
20. Qxd3 Nf5 21. a4 Bd6 {[%csl Gc4][%cal Yf5d6]} 22. b5 $6 cxb5 23. axb5 a5
$132) 17. Bh2 Bd6 18. Nc5 Bxh2+ 19. Nxh2 $1 Qe7 20. a4 Rec8 21. Nf1 {[%csl Ge3]
[%cal Yf2f3,Ye3e4]} b6 22. Nb3 Bxd3 23. Qxd3 Nf5 24. a5 b5 25. Qc3 Nd6 26. Rc2
Nd7 27. Rbc1 Nc4 {Apparently, Black is doing fine with such a knight on c4.
However, there are two small details that offer White a stable advantage.
First of all, the permanent weakness of the a6-pawn will considerably restrict
his actions. Secondly, the fact that he didn't manage to open the a-file
prevents him from generating any counterplay against White's plan of slow
central expansion.} 28. Re1 Re8 29. Rce2 Qd6 30. Nc1 Re7 31. Nd3 Rae8 32. Nd2
Qc7 33. Nb3 Kf7 34. Nbc5 Nxc5 35. Nxc5 Qc8 36. f3 $1 $16 {1-0 Volkov,S (2620)
-Belozerov,A (2541)/Krasnoyarsk 2003/CBM 098 (65)}) 12... g6 ({The alternate
plan is of more aggressive nature:} 12... Bd6 13. Bxd6 Qxd6 14. Rab1 ({The
following game has more of a historical rather than technical significance:} 
14. e4 $6 Nf4 $5 15. Rfe1 $2 Bxh3 $1 16. e5 Qh6 17. Bf1 Re6 $17 {1-0 Spencer,
E-Mackenzie,A/Weston 1922/EXT 2001 (35)}) 14... Ng6 15. b4 Qf6 {[%csl Gf3]
[%cal Yc8h3] Black concentrates his forces on the king side. With the
exception of the a8-rook, all his pieces could take part in an attack directed
against the enemy king. However, the absence of pawn breaks will make
sacrificial operations necessary. In practice, Black has failed to take
advantage of all the active possibilities so far.} 16. Qd1 a6 (16... Nh4 17.
Nxh4 $6 (17. Be2 $1 g6 18. Nxh4 Qxh4 19. Bxh5 gxh5 {[%cal Yg8h8,Ye8g8,Gg8g2,
Gc8h3]} 20. Qf3 Re6 21. Ne2 {White has every chance to repell the attack and
maintain the better pawn structure.}) 17... Qxh4 18. Qf3 Re6 $2 (18... a6 19.
a4 Nf6 20. b5 axb5 21. axb5 Ne4 $132) 19. Qg4 $1 Qxg4 20. hxg4 Nf6 21. g5 $16 {
1-0 Rotstein,A (2460)-Haub,T (2364)/Germany 2000/CBM 075 ext (73)}) 17. g4 $6 {
This courageous move will eventually be crowned by success, but it shouldn't
yield White more than a short draw by perpetual.} (17. a4 $1 Nh4 $140 18. Be2
$1) 17... Nh4 (17... Nhf4 $5 18. exf4 Nxf4 {[%csl Yd4,Gg1,Yg4,Yh3] looks
promissing as well, especially if Black aims for more than just a draw.}) 18.
Ne1 (18. Nxh4 Qxh4 19. gxh5 Rxe3 $1 $11 20. Ne2 Rxh3 21. Ng3 $8 Rxg3+ {with a
perpetual.}) 18... Qg5 $2 (18... Qd6 $1 {[%csl Yf6]} 19. gxh5 Rxe3 $1 $44 20.
fxe3 Qg3+ $11) 19. Kh2 $1 {[%csl Yg5,Yh5]} Nf6 (19... Nf4 20. exf4 Qxf4+ 21.
Kg1 Re3 $140 22. Ne2 $1 $18) 20. f4 Nxg4+ 21. Qxg4 Qh6 22. Qg3 Bf5 23. Nd1 $18
{1-0 Kalinin,O (2445)-Aliev,R (2295)/Polanica Zdroj 1998/EXT 2003 (30)}) 13.
Rab1 a5 14. Rfe1 $146 {We are familiar already with this kind of switch from
queen side to central play. Generally, this seems to be the modern tendency,
possibly caused by the fact that along the years Black has managed to discover
safe ways of meeting the minority's attack carried out in its pure form.} (14.
a3 Ng7 15. b4 Bf5 {By keeping the a-pawns on board, Black intends to slow down
White's plan. Indeed, the further advance of the b-pawn is temporarily
prevented because of the hanging a3-pawn.} ({The normal continuation is} 15...
axb4 16. axb4 Bf5 17. b5 Bxd3 18. Qxd3 Bd6 $14) 16. bxa5 $5 {Any other
continuation (such as defending the a3-pawn) would mean some considerable
delay in carrying out the queen side plan. White hopes that the piece pressure
against the backward b7-pawn will prove no less efficient than the standard
attack.} Qc8 17. a4 Rxa5 18. Rb3 {Black's task in the further phase of the
game will be to regroup his minor pieces in the most efficient way. His plan
should take into account not only the defence of the b7-pawn but also the
control of the c4-square.} Nd7 ({I believe that the best plan consists of} 
18... Bxd3 19. Qxd3 Nf5 20. Qc2 Nd6 (20... Bd6 21. Ne5 f6 22. Nd3 $14) 21. Nd2
{[%csl Gc4]} Nd7 22. Rfb1 b6 $11 {when Black's position looks perfectly viable.
}) 19. Rfb1 Bxd3 (19... b6 {is less eficient now because of} 20. Ne5 $5) 20.
Qxd3 Ra7 21. Qc2 Ne6 22. Qb2 Nd8 $6 23. Ne1 Nf8 24. Qc2 Qd7 25. Nf3 f6 26. Ne1
Nfe6 27. Nd3 Kg7 28. Rb6 Nf7 29. Qb3 Ned8 30. Ne2 Bd6 31. Nc5 $1 Bxc5 32. dxc5
$16 {1-0 Epishin,V-Dorfman Josif D/Geneva 1996 (44)}) 14... Ng7 ({The
significance of the weakness induced by the move ...a5 can be seen after} 14...
Bd6 15. Bxd6 Qxd6 16. Na4 $5 {[%csl Yb6,Yc5]}) 15. e4 dxe4 16. Bxe4 {Black's
main problem is that his minor pieces are not able to safely prevent the
thematic break d5. After the exchanges on this square, the weakness of the
b5-square might become rather significant.} Bd6 $6 {As shall be seen, this is
not a good square for the bishop.} ({A possibly better chance would have been} 
16... Be6 17. Rbd1 Rc8 {aiming to reduce the damage produced by the generally
imminent d5.}) 17. Be5 $1 Be6 18. Rbd1 Bb4 ({Now, after} 18... Rc8 $2 19. d5 $1
$16 {the pin along the d-file would be rather unpleasant for Black.}) 19. d5
cxd5 20. Bxd5 $16 {White's central domination is impressive. With the
exception of the royal couple, all his pieces are arranged in perfect symmetry.
} Qc8 (20... Bxc3 21. Bxe6 Bxe1 22. Rxd8 Raxd8 23. Bxf7+ Kxf7 24. Qb3+ Nfe6 25.
Nxe1 $16) 21. Qb3 {For once, the move ...a5 proves useful by defending the
bishop, but only for partial and temporary reasons.} Nd7 22. Bxg7 Kxg7 23. Bxe6
Rxe6 24. Rxe6 Nc5 25. Rxg6+ hxg6 26. Qd5 Bxc3 27. bxc3 Ne6 28. Ne5 Qc7 29. Qb5
$16 {But now, the weakness of the b5-square is obvious. With his pawn on a7,
Black might have had some chances of saving the game, since White extra-pawn
is not dangerous in itself yet.} Rd8 30. Rxd8 Nxd8 31. Nc4 Nc6 32. Ne3 Qe7 33.
a4 Qa3 34. Qc4 Qc1+ 35. Kh2 Qd2 36. Kg3 Qd6+ 37. f4 Qd2 38. Nd5 Ne7 39. Nxe7
Qe1+ 40. Kf3 Qxe7 41. Qd5 Qa3 42. Qxa5 b5 43. Qxb5 Qxc3+ 44. Ke4 Qc2+ 45. Kd4
Qf2+ 46. Kc3 Qxg2 47. Qe5+ Kh7 48. a5 Qxh3+ 49. Kb4 Qd3 50. Kc5 Qa6 51. Qc7 Kg7
52. Kb4 Qf1 53. Qd6 Qb1+ 54. Kc5 Qc2+ 55. Kb6 Qf2+ 56. Kb7 Qg2+ 57. Kc7 Qc2+
58. Kd8 Qg2 59. Qd4+ f6 60. Kc7 g5 61. fxg5 Qxg5 62. a6 Qg3+ 63. Kd7 Qh3+ 64.
Kd8 Qf3 65. a7 Kg6 66. Kc7 Qg3+ 67. Kc6 Qg2+ 68. Qd5 Qc2+ 69. Kb7 Qb2+ 70. Kc8
Qc3+ 71. Kd8 1-0

[Event "UKR-ch KO 74th"]
[Site "Rivne"]
[Date "2005.08.28"]
[Round "3.3"]
[White "Kruppa, Yuri"]
[Black "Neverov, Valeriy"]
[Result "1-0"]
[WhiteElo "2525"]
[BlackElo "2572"]
[Annotator "Marin,M"]
[PlyCount "93"]
[EventDate "2005.08.24"]
[EventType "k.o."]
[EventRounds "5"]
[EventCountry "UKR"]
[SourceTitle "CBM 109"]
[Source "ChessBase"]
[SourceDate "2005.11.14"]
[SourceVersion "1"]
[SourceVersionDate "2005.11.14"]
[SourceQuality "1"]

1. d4 d5 2. c4 e6 3. Nc3 Be7 4. cxd5 exd5 5. Bf4 Nf6 6. e3 Bf5 7. Qb3 Nc6 8. a3
Na5 9. Qa2 O-O 10. Nf3 a6 11. Ne5 $146 {/\b4} (11. b4 {was played in the same
mini-match, just two games earlier. The game is annotated in this same issue
of CBM.}) 11... c5 12. dxc5 Bxc5 13. Rd1 ({White has not sufficient
development for such radical actions as} 13. b4 $6 {for instance:} Bd6 14. bxa5
$6 Qc7 $1 $32 {קa5}) 13... Be6 $6 {After this move, the game will practically
transpose to the positions where 10...c5 is played and which are examined in
the comments to the first match game between the same players.} ({More
consequent would have been} 13... Bc2 {for instance} 14. Rd2 Bb3 15. Qb1 Re8
$132) 14. Qb1 ({Once again,} 14. b4 {would have been premature:} Bd6 15. bxa5
Qc7 $132 {קa5}) 14... Nc6 15. Be2 Bd6 16. Nxc6 bxc6 17. Bxd6 Qxd6 {This is
the kind of position that could have easily arosen via the 10...c5 move-order.
White has a promissing plan of putting the black hanging pawns under pressure.}
18. O-O a5 19. Rd2 Rab8 20. Rc1 h6 21. Qc2 Rfc8 22. Bf3 Qd7 23. Qd1 Bg4 24. Na4
Bxf3 25. Qxf3 Qa7 26. Rdc2 Qa6 27. Nc5 $14 {White has a stable control of the
position. His chances are better.} Qa7 28. Qf5 Qb6 29. h4 Rc7 30. g4 Re7 31. g5
hxg5 32. hxg5 Ne4 33. Nd7 Nd6 34. Qh3 Rxd7 35. Qxd7 Nc4 36. g6 Rf8 37. gxf7+
Rxf7 38. Qc8+ Rf8 39. Qe6+ Kh7 40. Kg2 g6 41. Rh1+ Kg7 42. Qe7+ Rf7 43. Rh7+
Kxh7 44. Qxf7+ Kh6 45. Qf8+ Kh7 46. Qe7+ Kg8 47. Qf6 1-0

[Event "FIDE World Cup"]
[Site "Khanty-Mansiysk"]
[Date "2005.11.27"]
[Round "1.1"]
[White "Carlsen, Magnus"]
[Black "Azmaiparashvili, Zurab"]
[Result "1-0"]
[WhiteElo "2570"]
[BlackElo "2658"]
[Annotator "Marin,M"]
[PlyCount "109"]
[EventDate "2005.11.27"]
[EventType "k.o."]
[EventRounds "7"]
[EventCountry "RUS"]
[SourceTitle "CBM 111"]
[Source "ChessBase"]
[SourceDate "2006.04.04"]
[SourceVersion "1"]
[SourceVersionDate "2006.04.04"]
[SourceQuality "1"]

1. d4 d5 2. c4 e6 3. Nc3 Nf6 4. cxd5 exd5 5. Bg5 c6 6. e3 Bf5 7. Qf3 Bg6 8.
Bxf6 Qxf6 9. Qxf6 gxf6 10. Nf3 Nd7 11. Nh4 ({In my annotations for CBM 106 I
wrote that this might be a more precise move order than} 11. g3 {1/2-1/2
Volkov,S (2612)-Slobodjan,R (2544)/Mulhouse 2005/CBM 106/[Marin] (47) when} a5
$5 {looks to be better than 11...Be7 12.Nh4.}) 11... Bb4 $5 {This rare move is
an interesting attempt to deviate from the customary course of events.} ({
Now, there is no time for} 11... a5 {because} 12. f4 {cannot be met by} f5 {
in view of} 13. Bd3 {winning a pawn.}) (11... Be7 12. g3 {would just transpose
to the aforementioned game, which looks favourable for White.}) 12. Rc1 $146 {
White prevents the weakening of the c4-square in case of a further ...Bxc3.} ({
The main idea behind Black's last move is revealed after} 12. f4 {when the
bishop can get out of danger with} Be4 $1) ({Previously, White has been
successful with} 12. a3 Bxc3+ 13. bxc3 b5 14. Kd2 (14. a4 {1-0 Vaisser,A (2575)
-Guigonis,D (2315)/Meribel 1998/CBM 067/[Tsesarsky] (50)}) 14... Nb6 15. Bd3
Rb8 16. g4 Nc4+ 17. Ke2 Ke7 18. Nxg6+ fxg6 19. h4 $14 {1-0 Milov,V (2653)
-Bellini,F (2484)/Switzerland 2000/EXT 2001 (41)}) 12... Nb6 {[%csl Rc4,Re4]
[%cal Yb6c8,Yc8d6]} 13. a3 Bxc3+ 14. Rxc3 Nc8 15. f3 Nd6 {Black has achieved
an optimal regroupment. However, the weakness of the king side emains a
permanent source of worries.} 16. g3 a5 17. b3 ({White could have prevented
the weakening of the c4-square with} 17. a4 {[%csl Yb4] but this would have
provoked a complete lack of flexibility of his queen side.}) 17... a4 18. b4
Bb1 {[%cal Yb1a2,Ya2c4] White intended to complete his development with Kf2
and Be2 and then prepare his minority's attack based on b5. Black hurries to
prevent this plan before it even gets started, but his king side will remain
hopelessly weak after the departure of the bishop.} 19. Kf2 Ba2 20. Rc1 Bc4 21.
Bh3 Nb5 22. Ra1 O-O 23. Ng2 Rfd8 24. Nf4 Kf8 25. Bf5 $14 {Black's nice queen
side position does not entirely compensate for the weaknesses of the other
wing.} h6 26. Nh5 Ke7 27. g4 b6 28. Rhe1 Ra7 29. Ng3 Kf8 30. Bc2 c5 31. bxc5
bxc5 32. dxc5 Rc8 33. Nf5 Rxc5 34. Reb1 Rc8 35. Rb4 d4 36. exd4 Be6 37. Bxa4
Nc3 38. Bc2 h5 39. h3 hxg4 40. hxg4 Na2 41. Rb2 Rxa3 42. Rh1 Bxf5 43. Bxf5 Rca8
44. Rb7 Nc3 45. Rh8+ Kg7 46. Rh7+ Kg8 47. Rhxf7 Ra2+ 48. Ke3 Re8+ 49. Kd3 Nd1
50. Rg7+ Kh8 51. Rh7+ Kg8 52. Rhg7+ Kh8 53. Rh7+ Kg8 54. d5 Re3+ 55. Kd4 1-0

[Event "Bundesliga 0506"]
[Site "Germany"]
[Date "2006.01.29"]
[Round "9.5"]
[White "Huebner, Robert"]
[Black "Appel, Ralf"]
[Result "0-1"]
[WhiteElo "2637"]
[BlackElo "2488"]
[Annotator "Marin,M"]
[PlyCount "88"]
[EventDate "2005.10.21"]
[EventType "team-tourn"]
[EventRounds "15"]
[EventCountry "GER"]
[SourceTitle "CBM 111"]
[Source "ChessBase"]
[SourceDate "2006.04.04"]
[SourceVersion "1"]
[SourceVersionDate "2006.04.04"]
[SourceQuality "1"]
[WhiteTeam "Baden-Baden"]
[BlackTeam "Wattenscheid"]
[WhiteTeamCountry "GER"]
[BlackTeamCountry "GER"]

1. d4 Nf6 2. c4 e6 3. Nc3 d5 4. cxd5 exd5 5. Bg5 c6 6. e3 Be7 7. Bd3 Bg4 $5 8.
Nge2 Bh5 {An interesting attempt to solve the problem of the traditionally
passive bishop.} 9. Qb3 {This looks like a typical reaction when the black
queen's bishop is developed at an early stage of the game, thus weakening the
b7-square. However, the queen side tension created by Black's natural answer
is not easy to deal with.} Qb6 10. Nf4 {This looks like the most logical
continuation.} ({Exchanging on b6 just strengthens Black's queen side position.
} 10. Qxb6 axb6 11. Nf4 Bg6 12. Nxg6 hxg6 13. O-O b5 14. a3 Nbd7 15. f3 Bd6 $44
{Edwards,R (2101)-Khanukov,B (2344)/Dresden 2004/CBM 099 ext/0-1 (62)}) (10.
Qc2 $5 {is an interesting idea, aiming to leave the enemy queen badly
misplaced on b6} Bg6 $6 {After this move, White's idea will fully justify
itself.} (10... Na6 $5 {might be a more restrictive move, keeping White's king
side play under observation while preparing the transfer of the knight to e6.}
11. a3 Bg6 12. O-O O-O 13. Nf4 Bxd3 14. Nxd3 Qd8 {[%cal Ya6c7,Yc7e6]}) 11. Nf4
Bxd3 12. Nxd3 Nbd7 13. O-O Qd8 {Finally, White has won a whole tempo from his
moving around with the queens.} 14. b4 Ne4 15. Bxe7 Qxe7 16. b5 $14 {1-0
Uhlmann,W (2495)-Straeter,T (2300)/Germany 1998/GER-chT (27)}) 10... Qxb3 11.
axb3 {White's main problem is that he has practically no way to break the
queen side now. He can only hope to advance the b3-pawn to b4 and then install
a knight on c5, followed by an eventual pawn break in the centre.} Nbd7 $146 {
Black kindly invites his opponent to capture on h5, in order to force the
exchange of the dark-squared bishops, too, thus considerably freeing his
position.} ({However, the more natural} 11... Bg6 {looks entirely playable:}
12. Nxg6 (12. Bxg6 {looks less consequent.} hxg6 13. Nd3 Na6 14. Na4 O-O 15.
Ke2 Rfe8 16. Rhc1 Bd6 17. Bf4 Bxf4 18. Nxf4 Ne4 19. Nd3 Nd6 20. Ne5 Nc7 21. Kd3
Ne6 22. Rc2 g5 23. h3 f6 24. Ng4 a6 25. b4 Re7 $11 {Klingelhoefer,S-Schwarz,P 
(2305)/Giessen 1992/EXT 2002/1/2-1/2 (69)}) 12... hxg6 {[%cal Yh8h2]} 13. h3 (
13. Bf4 Nbd7 14. h3 Nb6 15. Na4 Nxa4 16. bxa4 a5 17. Ke2 {[%csl Yb4] 1/2-1/2
Stangl,M (2525)-Boensch,U (2525)/Altensteig 1993/CBM 037}) 13... Nbd7 14. O-O
a6 15. Na4 Bd6 16. f3 Rh5 17. Bxf6 gxf6 {[%cal Yf6f5]} 18. e4 dxe4 (18... c5
$11) 19. fxe4 Ke7 20. Nc3 Bc7 21. Be2 Rh4 22. Rad1 Bb6 23. Bc4 Rd8 $132 {
[%csl Yd4,Ye4] Lautier,J (2658)-Jirovsky,M (2452)/Dordrecht 2001/CBM 080 ext/1/
2-1/2 (57)}) 12. Nxh5 (12. O-O $5) 12... Nxh5 13. Bxe7 Kxe7 14. g4 $1 {Only
this way White can question the corectness of his opponent's plan.} (14. Kd2 g6
$5 {[%cal Yh5g7,Yg7e6,Yf7f5]}) 14... Nhf6 15. f3 a6 {Securing himself in
advance against a possible advance of the b-pawn.} 16. Kf2 Nf8 $5 {[%cal Yf8e6,
Yf6e8,Ye8d6] The knights were somewhat retsricted by the white centre of pawns.
With his last move, Black initiates a typical regroupment.} 17. b4 Ne6 18. Na4
Ne8 19. Nc5 Nd6 {Just in time. The pressure against the b7-pawn is annihilated
for the time being. However, a further advance of the e-pawn would endanger
this ptimal placement of the knights.} 20. h4 (20. Bc2 {[%csl Gd4][%cal Ya1d1,
Ye3e4]} h5 $5) 20... Raf8 21. h5 g6 22. Rag1 (22. e4 $5 {[%csl Yb7]}) 22... Ra8
23. Rh2 $14 {White's advantage of space and his flexible structure in the
centre ensures him stable advantage.} Rhb8 24. Na4 b5 25. Nc3 a5 26. bxa5 Rxa5
27. Rc1 Nc4 28. Nd1 c5 29. dxc5 Nxc5 30. Be2 Ra2 31. hxg6 hxg6 32. Kg3 Kd6 33.
Bf1 Nb3 34. Rc3 Ra1 35. Rxb3 Rxd1 36. Be2 Rd2 37. e4 Rxb2 38. Rd3 Nb6 39. f4 b4
40. exd5 Ra8 41. Bf3 Rxh2 42. Kxh2 Ra3 43. Be4 Rxd3 44. Bxd3 b3 0-1